000 00513nam a2200169 i 4500
001 97468
003 ES-MaACL
005 20250814063224.0
007 t|
008 050712s1977 sp ||||1| spa d
100 1 _aMarcos Marín, Francisco,
_d1946-
_976535
245 1 3 _aEl comentario lingüistico
_b: (metodología y práctica) /
_cFrancisco Marcos Marín.
260 _aMadrid :
_bCátedra,
_c1977.
300 _a173 p. ;
_c21 cm.
852 _aES-MaACL
_jA-7149
_bR.96236
999 _c97468
_d97468